Economy-wide models and development planning / (Record no. 397)

MARC details
000 -LEADER
fixed length control field 01261nam a22001937a 4500
008 - FIXED-LENGTH DATA ELEMENTS--GENERAL INFORMATION
fixed length control field 111214t xxu||||| |||| 00| 0 eng d
020 ## - INTERNATIONAL STANDARD BOOK NUMBER
International Standard Book Number 0199200742
050 ## - LIBRARY OF CONGRESS CALL NUMBER
Classification number HC59.7.E32
100 ## - MAIN ENTRY--PERSONAL NAME
Personal name Blitzer, Charles R.
245 ## - TITLE STATEMENT
Title Economy-wide models and development planning /
Statement of responsibility, etc. Charles R. Blitzer, Peter B. Clark and Lance Taylor.
260 ## - PUBLICATION, DISTRIBUTION, ETC.
Place of publication, distribution, etc. New York:
Name of publisher, distributor, etc. Oxford University Press,
Date of publication, distribution, etc. c1975.
300 ## - PHYSICAL DESCRIPTION
Extent xiii,369 p.
Other physical details ill.
Dimensions 24cm.
500 ## - GENERAL NOTE
General note Includes bibliographical references and index.
505 ## - FORMATTED CONTENTS NOTE
Formatted contents note Contents: The Status of planning: An overview -- Models and policy: The Dialogue between model builder and planner -- Theoretical foundations and technical implications -- Quantitative foundations and implications of planning processes -- Intersectoral consistency and macroeconomic planning -- The Foreign trade sector in planning models -- Employment and human capital formation -- Planning models, shadow prices, and project evaluation -- Planning for mulltiple goals -- Interindustry planning models for a multi-regional economy -- Planning with economies of scale -- Substitution and nonlinearities in planning models.
650 ## - SUBJECT ADDED ENTRY--TOPICAL TERM
Topical term or geographic name entry element Economic development-mathematical models.
700 ## - ADDED ENTRY--PERSONAL NAME
Personal name Clark, Peter B.
700 ## - ADDED ENTRY--PERSONAL NAME
Personal name Taylor, Lance
942 ## - ADDED ENTRY ELEMENTS (KOHA)
Source of classification or shelving scheme Library of Congress Classification
Koha item type Books
Holdings
Withdrawn status Lost status Source of classification or shelving scheme Damaged status Not for loan Home library Current library Shelving location Date acquired Total Checkouts Full call number Barcode Date last seen Price effective from Koha item type
    Library of Congress Classification     WISCONSIN INTERNATIONAL UNIVERSITY COLLEGE, GHANA - MAIN LIBRARY WISCONSIN INTERNATIONAL UNIVERSITY COLLEGE, GHANA - MAIN LIBRARY General Stacks 14/12/2011   HC59.7.E32 1043/11 14/12/2011 14/12/2011 Books

If you have any concerns or questions; kindly contact the library


© Powered by WIUC ICT DIRECTORATE